000 00693nam a2200253Ia 4500
003 OSt
005 20220926015443.0
006 a|||||r|||| 00| 0
007 ta
008 220923b |||||||| |||| 00| 0 eng d
020 _a0333724321
037 _cGeneral Book
040 _aRTL
_cRTL
_beng
041 _2eng
_aeng
082 _aY:3(NS), P3
100 _aThomas Helen
_9322341
245 0 _aBody, dance and cultural theory
260 _aNew York
_bPalgrave Macmillan
_c2003
300 _ax, 262p
_ccm.
500 _aBibliography: P 229-54
650 _aFine Arts Society
_9249275
942 _hY:3(NS), P3
_cGB
_2CC
999 _c631590
_d631590